[Event "SW Autumn Open"]
[Site "Newport"]
[Date "2019.11.15"]
[Round "1.1"]
[White "Kozusek, Daniel"]
[Black "Van Kemenade, Rudy"]
[Result "1-0"]
[WhiteElo "2338"]
[BlackElo "1885"]
[PlyCount "57"]
[EventDate "2019.11.15"]
[EventRounds "5"]
[EventCountry "WLS"]
[SourceDate "2019.11.16"]

1. d4 Nf6 2. Nf3 g6 3. c4 Bg7 4. g3 O-O 5. Bg2 d6 6. O-O Nc6 7. Nc3 e5 8. dxe5
dxe5 9. Bg5 Be6 10. Qc1 Bxc4 11. Nd2 Be6 12. Nde4 Nd4 13. f4 exf4 14. Qxf4 Nd5
15. Qf2 f6 16. Bd2 Nxc3 17. Bxc3 f5 18. Nc5 Bc4 19. Rad1 Bxe2 20. Bxd4 Bxd1 21.
Bxg7 Re8 22. Qd4 Qxd4+ 23. Bxd4 Be2 24. Bd5+ Kf8 25. Bf6 Bb5 26. Rd1 Bc6 27.
Be6 b6 28. Rd7 Bxd7 29. Nxd7# 1-0

[Event "SW Autumn Open"]
[Site "Newport"]
[Date "2019.11.15"]
[Round "1.2"]
[White "Turner, Joseph David"]
[Black "Varley, Peter"]
[Result "0-1"]
[WhiteElo "1842"]
[BlackElo "2181"]
[PlyCount "50"]
[EventDate "2019.11.15"]
[EventRounds "5"]
[EventCountry "WLS"]
[SourceDate "2019.11.16"]

1. e4 e5 2. f4 exf4 3. Bc4 Nf6 4. Nc3 c6 5. d4 d5 6. exd5 cxd5 7. Bb3 Bd6 8.
Nge2 Bg4 9. O-O Nc6 10. Bxf4 Bxf4 11. Rxf4 O-O 12. h3 Bh5 13. g4 Bg6 14. Ng3
Qd6 15. Qd2 Rae8 16. Raf1 Ne4 17. Ngxe4 dxe4 18. Nb5 Qd8 19. c3 Ne5 20. Bc2
Nf3+ 21. R4xf3 exf3 22. Bxg6 fxg6 23. d5 Qh4 24. Nd4 Qg3+ 25. Kh1 Re2 0-1

[Event "SW Autumn Open"]
[Site "Newport"]
[Date "2019.11.15"]
[Round "1.3"]
[White "Saunders, Walter N. R."]
[Black "Harris, Calum"]
[Result "1-0"]
[WhiteElo "1989"]
[BlackElo "1808"]
[PlyCount "85"]
[EventDate "2019.11.15"]
[EventRounds "5"]
[EventCountry "WLS"]
[SourceDate "2019.11.16"]

1. Nf3 Nf6 2. c4 c6 3. b3 d5 4. Bb2 dxc4 5. bxc4 Bf5 6. d3 e6 7. e4 Bg6 8. Be2
Qb6 9. Qb3 Be7 10. O-O O-O 11. Ne5 Rd8 12. Nxg6 hxg6 13. Nc3 Na6 14. Rad1 Nc5
15. Qc2 e5 16. Nb1 Qc7 17. Nd2 Ne6 18. Nf3 Bd6 19. g3 c5 20. Qc3 Nd7 21. Qd2
Be7 22. Bc3 Bf6 23. Qb2 b6 24. a4 g5 25. h3 g6 26. Ra1 Bg7 27. Rfb1 f6 28. a5
Bf8 29. Qa2 Qb8 30. Rb2 Bd6 31. Qa4 Nd4 32. Nxd4 exd4 33. Be1 f5 34. exf5 gxf5
35. Bf3 Ne5 36. Bd5+ Kg7 37. Qd1 Rh8 38. axb6 Nxc4 39. dxc4 Bxg3 40. fxg3 Rxh3
41. Qf3 Qe5 42. Re2 Qf6 43. Rxa7+ 1-0

[Event "SW Autumn Open"]
[Site "Newport"]
[Date "2019.11.15"]
[Round "1.4"]
[White "Payan, Juan C"]
[Black "Waterfield, John W"]
[Result "0-1"]
[WhiteElo "1791"]
[BlackElo "1921"]
[PlyCount "76"]
[EventDate "2019.11.15"]
[EventRounds "5"]
[EventCountry "WLS"]
[SourceDate "2019.11.16"]

1. Nf3 Nf6 2. g3 g6 3. Bg2 Bg7 4. O-O O-O 5. d4 d6 6. c4 Nbd7 7. Nc3 e5 8. dxe5
dxe5 9. e4 c6 10. b4 Qe7 11. Rb1 Rd8 12. Qe2 a5 13. a3 axb4 14. axb4 Ne8 15.
Be3 Nc7 16. Qc2 Ne6 17. Rfd1 Ndf8 18. Rxd8 Nxd8 19. Bc5 Qc7 20. Rd1 Be6 21. Bd6
Qb6 22. Na4 Qa6 23. Nc5 Qxc4 24. Qxc4 Bxc4 25. Nxe5 Bb5 26. f4 Nfe6 27. Bf3
Nxc5 28. bxc5 Ne6 29. h4 Rd8 30. Kg2 Bf8 31. Ng4 Nxc5 32. Nf6+ Kh8 33. Bxc5
Rxd1 34. Bxf8 Rd2+ 35. Kh3 Rf2 36. Bg2 h5 37. Bc5 Rd2 38. e5 Bd3 0-1

[Event "SW Autumn Open"]
[Site "Newport"]
[Date "2019.11.15"]
[Round "1.5"]
[White "Fathallah, Joe"]
[Black "Thomas, Roy"]
[Result "1/2-1/2"]
[WhiteElo "1904"]
[BlackElo "1696"]
[PlyCount "76"]
[EventDate "2019.11.15"]
[EventRounds "5"]
[EventCountry "WLS"]
[SourceDate "2019.11.16"]

1. b3 e6 2. Bb2 Nf6 3. e3 Be7 4. Nf3 O-O 5. d4 d5 6. Bd3 Nbd7 7. Nbd2 c5 8. O-O
a6 9. Ne5 Nxe5 10. dxe5 Ne8 11. Qh5 g6 12. Qh6 f5 13. f4 b5 14. Nf3 Rf7 15.
Rad1 Rg7 16. e4 c4 17. bxc4 bxc4 18. Be2 fxe4 19. Ng5 Rb8 20. Bd4 Bxg5 21. fxg5
Qe7 22. Rf6 Rf7 23. Rxf7 Qxf7 24. Rf1 Qe7 25. Bg4 Rb7 26. Qh3 Ng7 27. Qe3 Nf5
28. Bxf5 exf5 29. h4 Qb4 30. Bc3 Qb6 31. Bd4 Qb5 32. Bc3 Be6 33. Kh1 Rd7 34.
Qd4 Rb7 35. Qe3 Qc6 36. Bd4 Rb5 37. Bc3 Qb6 38. Bd4 Qc6 1/2-1/2

[Event "SW Autumn Open"]
[Site "Newport"]
[Date "2019.11.15"]
[Round "1.6"]
[White "Morgans, Justin"]
[Black "Jukes, Sam"]
[Result "0-1"]
[WhiteElo "1657"]
[BlackElo "1897"]
[PlyCount "90"]
[EventDate "2019.11.15"]
[EventRounds "5"]
[EventCountry "WLS"]
[SourceDate "2019.11.16"]

1. e4 e5 2. Nf3 Nc6 3. Bb5 a6 4. Ba4 Nf6 5. O-O b5 6. Bb3 Bb7 7. d3 Bc5 8. Be3
Bxe3 9. fxe3 O-O 10. Bd5 d6 11. Nc3 b4 12. Ne2 Nxd5 13. exd5 Ne7 14. e4 c6 15.
dxc6 Bxc6 16. Ng3 f5 17. Ng5 f4 18. Ne2 Nf5 19. Nf3 Ne3 20. Qd2 Nxf1 21. Rxf1
a5 22. g4 fxg3 23. Nxg3 Bd7 24. Qg2 Rf4 25. h3 Qb6+ 26. Kh2 Raf8 27. Nh5 R4f7
28. Qg5 Bxh3 29. Nxe5 dxe5 30. Kxh3 Rf3+ 31. Rxf3 Rxf3+ 32. Ng3 Qf6 33. Qxf6
Rxf6 34. Nf5 g6 35. Nh6+ Kg7 36. Ng4 Rc6 37. Nxe5 Rxc2 38. Nc4 a4 39. Kg3 Kf6
40. Kf3 h5 41. e5+ Ke6 42. Kf4 b3 43. axb3 axb3 44. Ke4 Rxc4+ 45. dxc4 h4 0-1

[Event "SW Autumn Open"]
[Site "Newport"]
[Date "2019.11.16"]
[Round "2.1"]
[White "Waterfield, John W"]
[Black "Kozusek, Daniel"]
[Result "0-1"]
[WhiteElo "1921"]
[BlackElo "2338"]
[PlyCount "70"]
[EventDate "2019.11.15"]
[EventRounds "5"]
[EventCountry "WLS"]
[SourceDate "2019.11.16"]

1. e4 c5 2. Nf3 e6 3. d4 cxd4 4. Nxd4 Nf6 5. Nc3 Nc6 6. Be2 Bb4 7. O-O Bxc3 8.
bxc3 Nxe4 9. Qd3 d5 10. Ba3 Ne7 11. c4 O-O 12. cxd5 exd5 13. c4 Re8 14. Rfd1
Nf6 15. Bf3 Ng6 16. cxd5 Nxd5 17. Qb3 Ndf4 18. Nb5 Qg5 19. Nd6 Be6 20. Qxb7
Rab8 21. Qc6 Ne5 22. Qe4 Bg4 23. Bxg4 Qxg4 24. Re1 Re6 25. Rab1 Rf8 26. Qb7
Nxg2 27. Qxg2 Nf3+ 28. Kf1 Rxe1+ 29. Rxe1 Qxg2+ 30. Kxg2 Nxe1+ 31. Kg3 f6 32.
Nb5 Rc8 33. Bb4 Nd3 34. Nxa7 Ra8 35. Nc6 Ra6 0-1

[Event "SW Autumn Open"]
[Site "Newport"]
[Date "2019.11.16"]
[Round "2.2"]
[White "Varley, Peter"]
[Black "Saunders, Walter N. R."]
[Result "1-0"]
[WhiteElo "2181"]
[BlackElo "1989"]
[PlyCount "63"]
[EventDate "2019.11.15"]
[EventRounds "5"]
[EventCountry "WLS"]
[SourceDate "2019.11.16"]

1. e4 g6 2. d4 Bg7 3. c4 d6 4. Nc3 Nf6 5. f3 O-O 6. Bg5 c6 7. Qd2 Re8 8. O-O-O
Qa5 9. h4 a6 10. Kb1 b5 11. g4 bxc4 12. h5 e5 13. dxe5 Qxe5 14. hxg6 fxg6 15.
Bxc4+ Be6 16. Bf4 Qa5 17. Bxe6+ Rxe6 18. Bxd6 Nbd7 19. Nh3 Ne5 20. Ng5 Ree8 21.
Qe2 h6 22. Bxe5 Qxe5 23. Qc4+ Nd5 24. exd5 Qxg5 25. dxc6+ Kh7 26. Rd7 Qf6 27.
Rf7 Qe6 28. Qxe6 Rxe6 29. c7 Rc8 30. Rd1 Ree8 31. Rdd7 Rg8 32. Nd5 1-0

[Event "SW Autumn Open"]
[Site "Newport"]
[Date "2019.11.16"]
[Round "2.3"]
[White "Jukes, Sam"]
[Black "Gilbert, Jonathan A."]
[Result "1/2-1/2"]
[WhiteElo "1897"]
[BlackElo "2008"]
[PlyCount "36"]
[EventDate "2019.11.15"]
[EventRounds "5"]
[EventCountry "WLS"]
[SourceDate "2019.11.16"]

1. e4 c6 2. d4 d5 3. Nc3 dxe4 4. Bc4 Nf6 5. f3 e3 6. Bxe3 Bf5 7. g4 Bg6 8. f4
e6 9. Qe2 Bb4 10. O-O-O O-O 11. g5 Nd5 12. Nxd5 cxd5 13. Bd3 Qa5 14. Kb1 Bxd3
15. Qxd3 Nd7 16. Nf3 Rac8 17. Bd2 Bxd2 18. Rxd2 Rc4 1/2-1/2

[Event "SW Autumn Open"]
[Site "Newport"]
[Date "2019.11.16"]
[Round "2.4"]
[White "Denham-Kennedy, Colin"]
[Black "Fathallah, Joe"]
[Result "0-1"]
[WhiteElo "1656"]
[BlackElo "1904"]
[PlyCount "48"]
[EventDate "2019.11.15"]
[EventRounds "5"]
[EventCountry "WLS"]
[SourceDate "2019.11.16"]

1. Nf3 b6 2. d4 Bb7 3. Nbd2 Nf6 4. c4 e6 5. e3 d5 6. Be2 Nbd7 7. O-O Bd6 8. a3
Ne4 9. Nxe4 dxe4 10. Ne1 a5 11. Bd2 a4 12. b4 axb3 13. Qxb3 Ra7 14. Nc2 Qh4 15.
g3 Qh3 16. Bb4 c5 17. Bc3 h5 18. f4 exf3 19. Bxf3 Bxg3 20. hxg3 Qxg3+ 21. Kh1
Bxf3+ 22. Rxf3 Qxf3+ 23. Kh2 Nf6 24. Kg1 Rh6 0-1

[Event "SW Autumn Open"]
[Site "Newport"]
[Date "2019.11.16"]
[Round "2.5"]
[White "Thomas, Roy"]
[Black "Morgans, Justin"]
[Result "1-0"]
[WhiteElo "1696"]
[BlackElo "1657"]
[PlyCount "77"]
[EventDate "2019.11.15"]
[EventRounds "5"]
[EventCountry "WLS"]
[SourceDate "2019.11.16"]

1. f4 d5 2. Nf3 Nf6 3. e3 Bg4 4. Be2 e6 5. O-O Bd6 6. Nc3 c6 7. Ne5 Bxe2 8.
Qxe2 Nbd7 9. d4 Qe7 10. a4 h5 11. Bd2 O-O-O 12. a5 Ne4 13. Nxe4 dxe4 14. a6
Nxe5 15. axb7+ Qxb7 16. fxe5 Bb8 17. b4 Rd7 18. c4 g5 19. c5 g4 20. Rfb1 Qb5
21. Qxb5 cxb5 22. Bc3 Rh6 23. Rf1 f5 24. exf6 Rf7 25. Ra5 h4 26. Raa1 Rhxf6 27.
Rxf6 Rxf6 28. d5 Rg6 29. d6 Rg5 30. Rf1 Rf5 31. h3 Rxf1+ 32. Kxf1 gxh3 33. gxh3
Kd7 34. Bf6 Bxd6 35. cxd6 Kxd6 36. Bxh4 Ke5 37. Be7 Kf5 38. Kg2 a6 39. Kg3 1-0

[Event "SW Autumn Open"]
[Site "Newport"]
[Date "2019.11.16"]
[Round "2.6"]
[White "Van Kemenade, Rudy"]
[Black "Payan, Juan C"]
[Result "1-0"]
[WhiteElo "1885"]
[BlackElo "1791"]
[PlyCount "129"]
[EventDate "2019.11.15"]
[EventRounds "5"]
[EventCountry "WLS"]
[SourceDate "2019.11.16"]

1. e4 c5 2. Nf3 d6 3. Bb5+ Bd7 4. Bxd7+ Nxd7 5. O-O Ngf6 6. Re1 g6 7. c3 Bg7 8.
d4 cxd4 9. cxd4 O-O 10. Nc3 Rc8 11. h3 Qb6 12. Qe2 e5 13. d5 a6 14. Be3 Qa5 15.
a3 b5 16. Nd2 Qc7 17. Rec1 Qb7 18. Nb3 Nb8 19. Na5 Qa8 20. f3 Nfd7 21. Na2 f5
22. Nb4 Nf6 23. Qd3 Nfd7 24. Nbc6 Nxc6 25. Nxc6 Kh8 26. Na7 Nc5 27. Bxc5 Rxc5
28. Nc6 Rxc1+ 29. Rxc1 fxe4 30. fxe4 Qb7 31. Rf1 Qb6+ 32. Kh2 Rf2 33. Rxf2 Qxf2
34. Qf3 Qxf3 35. gxf3 Bh6 36. b3 Bf4+ 37. Kg2 Bc1 38. a4 bxa4 39. bxa4 Bd2 40.
Nb8 a5 41. Nd7 Kg7 42. Nb6 Kf6 43. Nc4 Bb4 44. Kg3 Kg5 45. h4+ Kf6 46. f4 h5
47. fxe5+ dxe5 48. Kh3 Be1 49. Nb2 Bc3 50. Nd3 Bd4 51. Ne1 Ke7 52. Nf3 Bc3 53.
Kg2 Kd6 54. Kf1 Bb2 55. Ke2 Kc5 56. Kd3 Kd6 57. Kc4 Ba3 58. Ng5 Ke7 59. Kb5 Bb4
60. Kc6 Bd2 61. Nf3 Bc3 62. Kc7 Bd4 63. Kc6 Bc3 64. d6+ Kd8 65. Ng5 1-0

[Event "SW Autumn Open"]
[Site "Newport"]
[Date "2019.11.16"]
[Round "2.7"]
[White "Harris, Calum"]
[Black "Turner, Joseph David"]
[Result "1-0"]
[WhiteElo "1808"]
[BlackElo "1842"]
[PlyCount "47"]
[EventDate "2019.11.15"]
[EventRounds "5"]
[EventCountry "WLS"]
[SourceDate "2019.11.16"]

1. e4 e5 2. Nf3 Nc6 3. d4 exd4 4. Nxd4 Nf6 5. Nc3 Bb4 6. Nxc6 bxc6 7. Bd3 d5 8.
exd5 cxd5 9. Qe2+ Be6 10. Bb5+ Kf8 11. O-O Qd6 12. a3 Ng4 13. g3 Bc5 14. Bf4
Qd8 15. Bc6 Rb8 16. Bxd5 Bc8 17. Bf3 Nxf2 18. Rxf2 Bxf2+ 19. Qxf2 Rxb2 20. Rd1
Qe7 21. Nd5 Qxa3 22. Bc1 Bh3 23. Bxb2 Qxb2 24. Qc5+ 1-0

[Event "SW Autumn Open"]
[Site "Newport"]
[Date "2019.11.16"]
[Round "3.1"]
[White "Kozusek, Daniel"]
[Black "Varley, Peter"]
[Result "0-1"]
[WhiteElo "2338"]
[BlackElo "2181"]
[PlyCount "64"]
[EventDate "2019.11.15"]
[EventRounds "5"]
[EventCountry "WLS"]
[SourceDate "2019.11.16"]

1. d4 d5 2. Bf4 Nf6 3. e3 c5 4. dxc5 Nc6 5. Bb5 e6 6. b4 a5 7. c3 Bd7 8. Qb3
axb4 9. cxb4 Ne4 10. Ne2 Qf6 11. Nbc3 g5 12. Bg3 h5 13. O-O Nd2 14. Qb2 Nxf1
15. Rxf1 h4 16. Bd6 Bxd6 17. cxd6 h3 18. f4 hxg2 19. Rf2 gxf4 20. Nxf4 Qh4 21.
h3 Kd8 22. Bxc6 bxc6 23. Nce2 Rg8 24. Nd4 Qh8 25. Qc3 Rc8 26. Qc5 e5 27. Qa7
exf4 28. exf4 Qxh3 29. Nxc6+ Rxc6 30. Qa5+ Ke8 31. Re2+ Be6 32. Qa8+ Kd7 0-1

[Event "SW Autumn Open"]
[Site "Newport"]
[Date "2019.11.16"]
[Round "3.2"]
[White "Fathallah, Joe"]
[Black "Jukes, Sam"]
[Result "1-0"]
[WhiteElo "1904"]
[BlackElo "1897"]
[PlyCount "41"]
[EventDate "2019.11.15"]
[EventRounds "5"]
[EventCountry "WLS"]
[SourceDate "2019.11.16"]

1. d4 Nf6 2. c4 e6 3. Nc3 d5 4. cxd5 exd5 5. Bg5 Be7 6. e3 O-O 7. Bd3 Nbd7 8.
Nge2 Re8 9. Qc2 c6 10. O-O h6 11. Bh4 Nf8 12. f3 Ne6 13. Rad1 b5 14. Bf5 Bd7
15. e4 Rc8 16. e5 Nh5 17. Bxe7 Qxe7 18. Bxe6 Bxe6 19. g4 c5 20. Nxb5 cxd4 21.
Qd2 1-0

[Event "SW Autumn Open"]
[Site "Newport"]
[Date "2019.11.16"]
[Round "3.3"]
[White "Saunders, Walter N. R."]
[Black "Thomas, Roy"]
[Result "1-0"]
[WhiteElo "1989"]
[BlackElo "1696"]
[PlyCount "61"]
[EventDate "2019.11.15"]
[EventRounds "5"]
[EventCountry "WLS"]
[SourceDate "2019.11.16"]

1. Nf3 f5 2. d4 Nf6 3. c4 e6 4. e3 Be7 5. Nc3 d6 6. Qc2 O-O 7. b4 a5 8. b5 b6
9. Bd3 Bb7 10. e4 fxe4 11. Nxe4 Nxe4 12. Bxe4 Bxe4 13. Qxe4 Nd7 14. Qxe6+ Kh8
15. O-O Bf6 16. Be3 Re8 17. Qd5 Nf8 18. Rfe1 Ne6 19. Rad1 Qd7 20. a4 Rad8 21.
Qh5 Rf8 22. Nh4 Qf7 23. Qg4 Rde8 24. Nf3 Nxd4 25. Nxd4 Rxe3 26. fxe3 Qxc4 27.
Qe2 Qxa4 28. Ne6 Rf7 29. Rc1 d5 30. Nxc7 Qh4 31. Nxd5 1-0

[Event "SW Autumn Open"]
[Site "Newport"]
[Date "2019.11.16"]
[Round "3.4"]
[White "Gilbert, Jonathan A."]
[Black "Van Kemenade, Rudy"]
[Result "1/2-1/2"]
[WhiteElo "2008"]
[BlackElo "1885"]
[PlyCount "58"]
[EventDate "2019.11.15"]
[EventRounds "5"]
[EventCountry "WLS"]
[SourceDate "2019.11.16"]

1. d4 Nf6 2. Nf3 g6 3. c4 Bg7 4. Nc3 O-O 5. e4 d6 6. Be2 e5 7. O-O Nc6 8. d5
Ne7 9. Ne1 Ne8 10. Nd3 f5 11. f3 f4 12. g4 g5 13. Bd2 Ng6 14. Be1 Rf7 15. Rc1
Bf8 16. Bf2 Nf6 17. c5 h5 18. h3 Rh7 19. cxd6 cxd6 20. Kg2 hxg4 21. hxg4 Nh4+
22. Bxh4 Rxh4 23. Rh1 Rxh1 24. Kxh1 Bd7 25. Qb3 Rb8 26. a4 Ne8 27. Kg2 Kg7 28.
Rh1 Nf6 29. Rc1 Ne8 1/2-1/2

[Event "SW Autumn Open"]
[Site "Newport"]
[Date "2019.11.16"]
[Round "3.5"]
[White "Harris, Calum"]
[Black "Waterfield, John W"]
[Result "0-1"]
[WhiteElo "1808"]
[BlackElo "1921"]
[PlyCount "58"]
[EventDate "2019.11.15"]
[EventRounds "5"]
[EventCountry "WLS"]
[SourceDate "2019.11.16"]

1. d4 Nf6 2. c4 c5 3. d5 b5 4. cxb5 a6 5. Nc3 axb5 6. Bg5 b4 7. Bxf6 gxf6 8.
Ne4 d6 9. e3 Bg7 10. Bb5+ Bd7 11. Qg4 O-O 12. Bxd7 Qxd7 13. Qg3 Qf5 14. f3 Nd7
15. Ne2 Qe5 16. Nf4 f5 17. Nd3 Qxd5 18. Nf4 Qe5 19. Nd3 Qxg3+ 20. Nxg3 Ne5 21.
Nxe5 Bxe5 22. Nxf5 e6 23. Ng3 Bxb2 24. Rd1 Bc3+ 25. Ke2 Rxa2+ 26. Kd3 d5 27. e4
c4+ 28. Ke3 d4+ 29. Kf4 Rfa8 0-1

[Event "SW Autumn Open"]
[Site "Newport"]
[Date "2019.11.16"]
[Round "3.6"]
[White "Turner, Joseph David"]
[Black "Denham-Kennedy, Colin"]
[Result "1-0"]
[WhiteElo "1842"]
[BlackElo "1656"]
[PlyCount "85"]
[EventDate "2019.11.15"]
[EventRounds "5"]
[EventCountry "WLS"]
[SourceDate "2019.11.16"]

1. e4 e6 2. d3 c5 3. Nd2 d5 4. g3 Nc6 5. Bg2 Nge7 6. Ngf3 a6 7. O-O Ng6 8. Re1
Be7 9. h4 Nf8 10. e5 b5 11. Nf1 c4 12. Ne3 Bb7 13. a4 Qc7 14. axb5 axb5 15.
Rxa8+ Bxa8 16. dxc4 bxc4 17. Ng4 Bc5 18. Be3 Qb6 19. Bxc5 Qxc5 20. h5 h6 21.
Nh4 Bb7 22. c3 Ne7 23. Qd2 Bc6 24. Kh2 Kd8 25. Qf4 Be8 26. Ra1 Nh7 27. Ra8+ Nc8
28. Nf3 Qe7 29. Qd2 Qb7 30. Ra3 Na7 31. Ne3 Bb5 32. Nd4 Bd7 33. Nxc4 Nc8 34. f4
Qc7 35. Ne3 Be8 36. c4 Nb6 37. cxd5 exd5 38. Bxd5 Nxd5 39. Ra8+ Kd7 40. Nxd5
Qb7 41. Nb5 Kc6 42. Qc3+ Kxb5 43. Ra5# 1-0

[Event "SW Autumn Open"]
[Site "Newport"]
[Date "2019.11.16"]
[Round "3.7"]
[White "Payan, Juan C"]
[Black "Morgans, Justin"]
[Result "1-0"]
[WhiteElo "1791"]
[BlackElo "1657"]
[PlyCount "53"]
[EventDate "2019.11.15"]
[EventRounds "5"]
[EventCountry "WLS"]
[SourceDate "2019.11.16"]

1. e4 e5 2. Nf3 Nf6 3. Nxe5 Nc6 4. Nxc6 dxc6 5. Nc3 Bc5 6. Be2 Be6 7. d3 Qd7 8.
O-O O-O-O 9. Be3 Bxe3 10. fxe3 h5 11. Qe1 Ng4 12. Bxg4 hxg4 13. Qg3 Rh5 14. Ne2
g5 15. Nd4 Rdh8 16. Nxe6 Qxe6 17. e5 b6 18. Rf6 Qd7 19. Raf1 R8h7 20. d4 Kb7
21. b3 Rh4 22. R1f5 c5 23. c3 cxd4 24. exd4 Qd5 25. e6 fxe6 26. Rxd5 exd5 27.
Rf5 1-0

[Event "SW Autumn Open"]
[Site "Newport"]
[Date "2019.11.17"]
[Round "4.1"]
[White "Varley, Peter"]
[Black "Fathallah, Joe"]
[Result "1-0"]
[WhiteElo "2181"]
[BlackElo "1904"]
[PlyCount "83"]
[EventDate "2019.11.15"]
[EventRounds "5"]
[EventCountry "WLS"]
[SourceDate "2019.11.16"]

1. e4 e6 2. d4 d5 3. Nc3 Nf6 4. e5 Nfd7 5. f4 c5 6. Nf3 Nc6 7. Be3 Be7 8. Qd2
O-O 9. O-O-O c4 10. Qf2 b5 11. Kb1 Qa5 12. Ne2 Nb6 13. Qe1 b4 14. b3 Qb5 15.
Nc1 a5 16. Nd2 a4 17. h4 axb3 18. cxb3 Qa5 19. bxc4 Na4 20. Ndb3 Qa7 21. Rd2
Nc3+ 22. Ka1 Na5 23. Nxa5 Qxa5 24. Rb2 Ba6 25. c5 Bc4 26. Bxc4 dxc4 27. Rc2 Ra6
28. g3 Rfa8 29. Rhh2 Bd8 30. Rb2 Qa4 31. Rhc2 Ba5 32. Bd2 Qc6 33. Bxc3 bxc3 34.
Rb1 Qa4 35. Qe4 Bb4 36. c6 Ba3 37. c7 Bb2+ 38. Rbxb2 cxb2+ 39. Rxb2 Rc8 40. Rb8
Ra8 41. Qb7 Qd7 42. Qxa8 1-0

[Event "SW Autumn Open"]
[Site "Newport"]
[Date "2019.11.17"]
[Round "4.2"]
[White "Waterfield, John W"]
[Black "Saunders, Walter N. R."]
[Result "1/2-1/2"]
[WhiteElo "1921"]
[BlackElo "1989"]
[PlyCount "155"]
[EventDate "2019.11.15"]
[EventRounds "5"]
[EventCountry "WLS"]
[SourceDate "2019.11.16"]

1. e4 g6 2. d4 Bg7 3. Nc3 d6 4. f4 a6 5. Nf3 b5 6. Bd3 Nd7 7. e5 Bb7 8. Qe2 e6
9. Be3 d5 10. a4 b4 11. Na2 Qe7 12. O-O Nh6 13. c3 bxc3 14. Nxc3 O-O 15. b4
Rfb8 16. b5 axb5 17. Nxb5 c5 18. Rfc1 c4 19. Bc2 Bc6 20. Rab1 Bxb5 21. axb5 Qd8
22. Bd1 Nf5 23. Bd2 Qb6 24. Bc3 Ra3 25. g4 Rxc3 26. Rxc3 Nxd4 27. Nxd4 Qxd4+
28. Qe3 Qxe3+ 29. Rxe3 g5 30. fxg5 Bxe5 31. Ra3 Bd4+ 32. Kg2 Ne5 33. Kg3 Kg7
34. Bc2 Ng6 35. Bxg6 hxg6 36. Ra6 Bb6 37. Kf3 e5 38. Rd1 e4+ 39. Ke2 d4 40.
Rxb6 d3+ 41. Ke3 Rxb6 42. Kxe4 Rxb5 43. Kd4 Rb4 44. Kc3 Ra4 45. Rf1 Ra5 46. h4
Rc5 47. Rf2 Kf8 48. Kd4 Rc7 49. h5 gxh5 50. gxh5 Kg7 51. Ke3 Rd7 52. Rd2 Rc7
53. Rh2 Rc5 54. Rg2 Rd5 55. Kd2 Re5 56. Kc3 Re4 57. Kd2 Rh4 58. Kc3 Rxh5 59.
Kxc4 d2 60. Rxd2 Rxg5 61. Kd4 Kg6 62. Ke3 Rg3+ 63. Kf4 Ra3 64. Rd6+ f6 65. Rb6
Ra4+ 66. Kf3 Kg5 67. Rb5+ f5 68. Rb3 Rh4 69. Kg3 f4+ 70. Kg2 Kg4 71. Ra3 Rh7
72. Rb3 Rc7 73. Kf2 Rc2+ 74. Kf1 Ra2 75. Rc3 Kf5 76. Rb3 Kg4 77. Rc3 f3 78. Rc8
1/2-1/2

[Event "SW Autumn Open"]
[Site "Newport"]
[Date "2019.11.17"]
[Round "4.3"]
[White "Jukes, Sam"]
[Black "Kozusek, Daniel"]
[Result "0-1"]
[WhiteElo "1897"]
[BlackElo "2338"]
[PlyCount "42"]
[EventDate "2019.11.15"]
[EventRounds "5"]
[EventCountry "WLS"]
[SourceDate "2019.11.16"]

1. e4 c5 2. b4 cxb4 3. a3 d5 4. exd5 Qxd5 5. Nf3 e5 6. axb4 Bxb4 7. c3 Be7 8.
Na3 Nc6 9. c4 Qd8 10. d3 Nf6 11. Bb2 Bb4+ 12. Nd2 e4 13. Bxf6 Qxf6 14. dxe4
Bxd2+ 15. Kxd2 O-O 16. Ke3 Rd8 17. Qc1 Qd4+ 18. Kf3 Ne5+ 19. Kg3 Rd6 20. h3
Rg6+ 21. Kh2 Nf3+ 0-1

[Event "SW Autumn Open"]
[Site "Newport"]
[Date "2019.11.17"]
[Round "4.4"]
[White "Thomas, Roy"]
[Black "Gilbert, Jonathan A."]
[Result "1/2-1/2"]
[WhiteElo "1696"]
[BlackElo "2008"]
[PlyCount "71"]
[EventDate "2019.11.15"]
[EventRounds "5"]
[EventCountry "WLS"]
[SourceDate "2019.11.16"]

1. f4 g6 2. Nf3 Bg7 3. e3 c5 4. Be2 Nc6 5. d3 d6 6. O-O e6 7. c3 Nge7 8. Qe1
O-O 9. Na3 d5 10. e4 b6 11. Qh4 f5 12. e5 Rb8 13. Nb5 Bd7 14. Qg3 a6 15. Nd6
Nc8 16. Nxc8 Rxc8 17. Be3 Ne7 18. h4 h5 19. Ng5 Kh8 20. Kf2 Qe8 21. a4 Ng8 22.
b3 Nh6 23. Kg1 Ng4 24. d4 a5 25. c4 Qe7 26. Rfd1 Bc6 27. Rac1 Rfd8 28. Bf2 Bh6
29. Qc3 Bxg5 30. hxg5 Nxf2 31. Kxf2 Bb7 32. cxd5 Bxd5 33. dxc5 Rxc5 34. Qe3
Rdc8 35. Bc4 Qc7 36. Rd4 1/2-1/2

[Event "SW Autumn Open"]
[Site "Newport"]
[Date "2019.11.17"]
[Round "4.5"]
[White "Van Kemenade, Rudy"]
[Black "Harris, Calum"]
[Result "0-1"]
[WhiteElo "1885"]
[BlackElo "1808"]
[PlyCount "62"]
[EventDate "2019.11.15"]
[EventRounds "5"]
[EventCountry "WLS"]
[SourceDate "2019.11.16"]

1. f4 d6 2. Nf3 Bg4 3. e3 e5 4. h3 Bxf3 5. Qxf3 c6 6. fxe5 dxe5 7. Bc4 Qh4+ 8.
g3 Qxc4 9. Nc3 Nf6 10. d3 Qe6 11. g4 Bb4 12. O-O h6 13. a3 Be7 14. Ne2 e4 15.
Qg2 exd3 16. cxd3 O-O 17. Nd4 Qd5 18. Qf2 c5 19. Nf5 Nc6 20. e4 Qxd3 21. Bxh6
Qxh3 22. Bxg7 Nxg4 23. Qf4 Nd4 24. Bxd4 cxd4 25. Nxe7+ Kh8 26. Rf3 Qh5 27. Kg2
Rg8 28. Nxg8 Rxg8 29. Rh3 Ne3+ 30. Kf2 Rg2+ 31. Ke1 Re2# 0-1

[Event "SW Autumn Open"]
[Site "Newport"]
[Date "2019.11.17"]
[Round "4.6"]
[White "Payan, Juan C"]
[Black "Turner, Joseph David"]
[Result "0-1"]
[WhiteElo "1791"]
[BlackElo "1842"]
[PlyCount "64"]
[EventDate "2019.11.15"]
[EventRounds "5"]
[EventCountry "WLS"]
[SourceDate "2019.11.16"]

1. e4 e5 2. Nf3 Nc6 3. Bb5 Bc5 4. O-O Qf6 5. d3 h6 6. c3 Nge7 7. Be3 Bb6 8. d4
O-O 9. Na3 d6 10. Nc4 Bg4 11. Nxb6 axb6 12. a3 g5 13. Be2 Ng6 14. h3 Bxf3 15.
Bxf3 Nf4 16. Bg4 Rae8 17. d5 Ne7 18. g3 Nfg6 19. h4 gxh4 20. Bxh6 Kh7 21. Bxf8
Rxf8 22. Qf3 Qg5 23. Bf5 Nxf5 24. Qxf5 Qxf5 25. exf5 Ne7 26. g4 Nxd5 27. Kg2
Nf4+ 28. Kf3 Kh6 29. Ke4 Kg5 30. f3 d5+ 31. Kxe5 Re8+ 32. Kd4 c5# 0-1

[Event "SW Autumn Open"]
[Site "Newport"]
[Date "2019.11.17"]
[Round "4.7"]
[White "Morgans, Justin"]
[Black "Denham-Kennedy, Colin"]
[Result "1/2-1/2"]
[WhiteElo "1657"]
[BlackElo "1656"]
[PlyCount "72"]
[EventDate "2019.11.15"]
[EventRounds "5"]
[EventCountry "WLS"]
[SourceDate "2019.11.16"]

1. e4 e6 2. d4 d5 3. Nd2 Nc6 4. c3 Nge7 5. e5 a6 6. Bd3 b5 7. Ngf3 Ng6 8. Nb3
Bd7 9. O-O Be7 10. Be3 O-O 11. Qe2 Qb8 12. Rfc1 Bc8 13. Ng5 Bxg5 14. Bxg5 Nce7
15. Qh5 f6 16. exf6 gxf6 17. Bh6 Rf7 18. Nc5 c6 19. Re1 Qd6 20. Re3 e5 21. Bxg6
hxg6 22. Rg3 Bf5 23. Bd2 Rh7 24. Qe2 e4 25. a4 Bc8 26. axb5 cxb5 27. Be3 Kf7
28. Qd2 Rh4 29. f4 Nf5 30. Rf1 Nxg3 31. hxg3 Rh5 32. Qe2 f5 33. Kf2 Ra7 34. b4
Kf6 35. Ra1 Rhh7 36. Ra5 Qd8 1/2-1/2